Hungarian Cuisine by Images - Statistics

General Stats
  • This quiz has been taken 87 times
  • The average score is 8 of 16
Answer Stats
Picture Answer % Correct
Langos
91%
Gulyas
86%
Kurtos Kalacs
70%
Porkolt
68%
Dobos Torta
66%
Toltott Kaposzta
62%
Meggyleves
61%
Csirke Paprikas
55%
Turos Csusza
55%
Halaszle
51%
Hortobagyi Palacsinta
49%
Somloi Galuska
49%
Meggyes Retes
43%
Spenotfozelek
27%
Korhelyleves
7%
Orjaleves
3%
No matching quizzes found
Score Distribution
Percent of People with Each Score
Percentile by Number Answered
Your Score History
You have not taken this quiz